000
00333nam a2200133Ia 4500
008
151001s9999||||xx |||||||||||||| ||und||
100
_a
रजा जाफरी
245
_a
पतझड कि आवाज
250
_a
1
260
_b
किताबहार
260
_c
2007
300
_a
135
365
_b
21
999
_c
994322
_d
994319